Question Bank on Veterinary Public Health and Food Safety / (Record no. 17313)

MARC details
000 -LEADER
fixed length control field 00638nam a22002297a 4500
003 - CONTROL NUMBER IDENTIFIER
control field BD-DhSAU
005 - DATE AND TIME OF LATEST TRANSACTION
control field 20231116132328.0
008 - FIXED-LENGTH DATA ELEMENTS--GENERAL INFORMATION
fixed length control field 150418b2018 ii a|||| |||| 001 0 eng d
020 ## - INTERNATIONAL STANDARD BOOK NUMBER
International Standard Book Number 9789351248163
040 ## - CATALOGING SOURCE
Original cataloging agency BD-DhSAU
082 ## - DEWEY DECIMAL CLASSIFICATION NUMBER
Edition number 22
Classification number 636.0832
Item number J78
100 ## - MAIN ENTRY--PERSONAL NAME
Personal name Joshi, Namita
245 ## - TITLE STATEMENT
Title Question Bank on Veterinary Public Health and Food Safety /
Statement of responsibility, etc. Namita Joshi
260 ## - PUBLICATION, DISTRIBUTION, ETC. (IMPRINT)
Place of publication, distribution, etc. New Delhi:
Name of publisher, distributor, etc. Daya Publishing House
Date of publication, distribution, etc. c2018
300 ## - PHYSICAL DESCRIPTION
Extent viii, 132 p. :
Other physical details ill ;
Dimensions 22 cm.
590 ## - Name of Cataloguer
Name of Cataloger Kobir
650 ## - SUBJECT ADDED ENTRY--TOPICAL TERM
Topical term or geographic name as entry element Veterinary public health
650 ## - SUBJECT ADDED ENTRY--TOPICAL TERM
Topical term or geographic name as entry element Food
650 ## - SUBJECT ADDED ENTRY--TOPICAL TERM
Topical term or geographic name as entry element Veterinary hygiene
942 ## - ADDED ENTRY ELEMENTS (KOHA)
Source of classification or shelving scheme Dewey Decimal Classification
Koha item type Book
Holdings
Withdrawn status Lost status Source of classification or shelving scheme Damaged status Not for loan Collection code Home library Branch Name Shelving location Date acquired Cost, normal purchase price Total Checkouts Full call number Barcode Date last seen Price effective from Koha item type Public note
    Dewey Decimal Classification   Not For Loan Reference SAU Library SAU Library General Stacks 21/06/2023 234.00   636.0832 J78 44916 16/11/2023 16/11/2023 Book Purchase